[Event "It (open)"]
[Site "masterchessopen.com Capetown (South Africa)"]
[Date "2007.07.03"]
[Round "8"]
[White "Van Rensburg Ryan Pierre (RSA)"]
[Black "Mabusela J"]
[Result "1-0"]
[WhiteElo "1946"]
[BlackElo "2277"]

1.d4 Nf6 2.c4 e6 3.Nc3 Bb4 4.e3 b6 5.Bd3 Bb7 6.f3 Bxc3+ 7.bxc3 c5 8.Bd2 a6
9.Ne2 e5 10.O-O Nc6 11.Re1 Qe7 12.Ng3 g5 {#r} 1-0

[Event "Cup North Sea (open)"]
[Site "masterchessopen.com Esbjerg (Denmark)"]
[Date "2007.07.14"]
[Round "2"]
[White "Kristensen Thomas Overgaard"]
[Black "Motzkus Mikkel (DEN)"]
[Result "0-1"]
[WhiteElo "1373"]
[BlackElo "1876"]

1.d4 Nf6 2.c4 e6 3.Nc3 Bb4 4.e3 b6 5.Bd3 Bb7 6.Ne2 Ne4 7.O-O Nxc3 8.bxc3 Be7
9.e4 c5 10.f4 d6 11.d5 Bf6 12.Rf3 Nd7 13.f5 exf5 14.Rxf5 Ne5 15.Ng3 Bc8 16.Rf4
Ng6 17.Rf2 Bxc3 18.Nf5 Bxa1 19.Qa4+ Kf8 20.Qc6 Bxf5 21.Rxf5 Ne5 {#R} 0-1

[Event "Ch Spain (team) (1 Div) (North)"]
[Site "masterchessopen.com Sabadell (Spain)"]
[Date "2007.08.15"]
[Round "1"]
[White "Comas Fabrego Lluis (ESP)"]
[Black "Garcia Melgar Juan Pablo (ESP)"]
[Result "1-0"]
[WhiteElo "2482"]
[BlackElo "2289"]

1.d4 Nf6 2.c4 e6 3.Nc3 Bb4 4.e3 b6 5.Bd3 Bb7 6.Nf3 Bxc3+ 7.bxc3 Ne4 8.O-O O-O
9.Ne1 f5 10.f3 Nf6 11.a4 a5 12.Ra2 c5 13.Raf2 Nc6 14.Nc2 Ne7 15.e4 d6 16.exf5
Nxf5 17.Qe1 Bc8 18.g4 Ne7 19.g5 Ne8 20.Qe4 Nc7 21.Qxh7+ Kf7 22.g6+ Ke8 23.Qxg7
e5 24.f4 Ne6 25.Qh7 exf4 26.Bxf4 {#r} 1-0

[Event "It (open)"]
[Site "masterchessopen.com Stare Mesto (Czech Republic)"]
[Date "2007.08.17"]
[Round "9"]
[White "Roubalik Jakub (CZE)"]
[Black "Rafaja Marek (CZE)"]
[Result "1-0"]
[WhiteElo "2177"]
[BlackElo "1979"]

1.d4 Nf6 2.c4 e6 3.Nc3 Bb4 4.e3 b6 5.Bd3 Bb7 6.Ne2 Bxg2 7.Rg1 Bf3 8.Qc2 Nc6
9.Bd2 Bd6 10.O-O-O Nb4 11.Qb1 Nxd3+ 12.Qxd3 Bxh2 13.Rxg7 h6 14.e4 Bxe2 15.Qxe2
e5 16.f4 Bxf4 17.Bxf4 exf4 18.e5 Kf8 19.exf6 Qxf6 20.Rg4 h5 21.Rgg1 Qh6 22.Qf3
{#r} 1-0

[Event "Ch City (open)"]
[Site "masterchessopen.com Lipetsk (Russia)"]
[Date "2007.08.19"]
[Round "6"]
[White "Popov Yuri (RUS)"]
[Black "Filin Alexander (RUS)"]
[Result "0-1"]
[WhiteElo "2191"]
[BlackElo "2191"]

1.d4 Nf6 2.c4 e6 3.Nc3 Bb4 4.e3 b6 5.Bd3 Bb7 6.Ne2 Bxg2 7.Rg1 Be4 8.Bxe4 Nxe4
9.Qd3 Qh4 10.Rg2 Nc6 11.Bd2 f5 12.a3 Bxc3 13.Bxc3 O-O-O 14.c5 Kb7 15.b4 Ne7
16.b5 Rhg8 17.Bb4 Nd5 18.Qc4 Nxe3 19.c6+ Kb8 {#R} 0-1

[Event "It (open) \"]
[Site "masterchessopen.com Thessaloniki (Greece)"]
[Round "8"]
[White "Graf Alexander (GER)"]
[Black "Wojtaszek Radoslaw (POL)"]
[Result "1-0"]
[WhiteElo "2574"]
[BlackElo "2635"]

{ Graf Alexander (GER) +1 =3 -5 Wojtaszek Radoslaw (POL) +0 =1 -0 } 1.d4 Nf6
2.c4 e6 3.Nc3 Bb4 4.e3 b6 5.Bd3 Bb7 6.Nf3 Ne4 7.O-O f5 { = } ( 7...Bxc3 8.bxc3
Nxc3 9.Qc2 Bxf3 10.gxf3 Qg5+ 11.Kh1 Qh5 12.Kg2 Qg5+ { 1/2-1/2, Jedynak
Radoslaw 2431 - Wojtaszek Radoslaw 2606 , Krakow 4. 1.2006 It (open) } ) 8.Ne5
( 8.Ne2 O-O 9.a3 Be7 10.b3 Bf6 11.Bb2 c5 12.b4 Nc6 13.Qb3 cxd4 14.exd4 Ne7
15.Rad1 a5 16.Ne5 axb4 17.axb4 d6 18.Nf4 Qc8 19.Nf3 Kh8 20.b5 { 1/2-1/2,
Khalifman Alexander 2619 - Eljanov Pavel 2675 , Sochi 6. 5.2007 Ch Russia
(club) } ) ( 8.Qc2 Bxc3 9.bxc3 O-O 10.Nd2 Qh4 11.f3 Nxd2 12.Bxd2 Nc6 13.Rab1
d6 14.e4 fxe4 15.Bxe4 Na5 16.Bxb7 Nxb7 17.Rbe1 Rae8 18.Qa4 Na5 19.f4 Qh5
20.Rf3 e5 21.dxe5 dxe5 22.f5 Rd8 23.Qc2 Nxc4 24.Bc1 Rde8 25.Qb3 Qf7 26.f6 Qd5
27.Bg5 e4 { ...1/2-1/2, Sokolov Ivan 2689 - Hansen Curt 2560 , Novi Sad 1990
Olympiad } ) 8...Nf6 ( 8...O-O 9.Nxe4 fxe4 10.Bc2 Qh4 11.c5 d6 12.a3 Bxc5
13.dxc5 dxe5 14.b4 Bd5 15.Bb2 Nd7 16.c6 Bxc6 17.Bb3 Rf6 18.Rc1 Bb5 19.Bc4 Rh6
20.h3 Rg6 21.Kh1 Rf8 { 0-1, Cooper John G 2347 - Hutchings Stuart J 2325 ,
Wales 1982 Ch Wales } ) 9.Bd2 ( 9.Ne2 Bf8 10.f4 g6 11.Nc3 Bg7 12.Qe2 Nc6
13.Nxc6 Bxc6 14.b4 O-O 15.a4 a5 16.b5 Bb7 17.Ba3 Re8 18.Rad1 d6 19.Rfe1 Qe7
20.e4 Nh5 21.Qe3 Nxf4 22.Bf1 e5 23.c5 Rad8 24.cxd6 cxd6 25.d5 Qc7 26.Rc1 Ba8
27.g3 Nh5 28.exf5 gxf5 { ...0-1, Graf Alexander 2661 - Wahls Matthias 2551 ,
Germany 6. 3.2004 Bundesliga 2003/04 } ) ( 9.Qc2 O-O 10.a3 Bxc3 11.Qxc3 d6
12.Nf3 Ne4 13.Qc2 Rf6 14.Nd2 Rh6 15.Nxe4 Qh4 16.h3 fxe4 17.Be2 Nd7 18.b4 Rf8
19.Bg4 Rg6 20.d5 Rxg4 21.hxg4 Ne5 22.f3 exf3 23.e4 Qg3 24.Qf2 Qxg4 25.Be3 Nxc4
26.Rae1 exd5 27.exd5 Ne5 28.Rd1 Ba6 { ...0-1, Helbig Mark 2239 - Handke
Florian 2516 , Andorra 2002 It (open) } ) 9...O-O { +0.07 CAP } 10.Rc1 { N } (
10.Ne2 Bd6 11.Qc2 Na6 12.Bc3 Ne4 13.Ng3 Nxc3 14.Qxc3 Rf6 15.Rfd1 Rh6 16.Be2
Qh4 17.Nf1 Bxe5 18.dxe5 Nc5 19.Qc2 Bxg2 20.Kxg2 Ne4 21.Bf3 Qh3+ 22.Kg1 Qxf3 {
0-1, Astrup Hikon 1943 - Becker Martin 2361 , Oslo 24. 3.2005 It (open) } )
10...Bd6 11.f4 c5 12.Be2 Nc6 13.Bf3 Rc8 14.Be1 Be7 { ?! } ( 14...a6 { !? }
15.Bf2 Qc7 16.a3 Rfe8 17.Rc2 { } ) 15.d5 Nxe5 16.fxe5 Ne4 17.Nxe4 fxe4 18.Bxe4
Rxf1+ 19.Kxf1 Bg5 20.Qd3 Qf8+ 21.Kg1 { ?! } ( 21.Ke2 { !? } 21...g6 22.h4 Bh6
23.Bc3 Qd8 24.g3 Bg7 25.Rf1 Qe8 26.g4 Qd8 { } ) 21...g6 22.h4 Bh6 23.Bg3 Qe8
24.Bf4 Bg7 25.h5 exd5 26.Bxd5+ Bxd5 27.Qxd5+ Qe6 28.h6 Bf8 29.Rd1 { } {#r} 1-0

[Event "Ch World (juniors) (under 16)"]
[Site "masterchessopen.com Kemer (Turkey)"]
[Date "2007.11.18"]
[Round "1"]
[White "Aydogdu Ataman (TUR)"]
[Black "Leniart Arkadiusz (POL)"]
[Result "0-1"]
[WhiteElo "1957"]
[BlackElo "2329"]

1.d4 Nf6 2.c4 e6 3.Nc3 Bb4 4.e3 b6 5.Bd3 Bb7 6.Nf3 c5 7.a3 Bxc3+ 8.bxc3 d6
9.O-O Qe7 10.Re1 Nbd7 11.e4 e5 12.d5 a6 13.a4 g6 14.a5 {#R} 0-1

[Event "Ch World (juniors) (under 18) (g)"]
[Site "masterchessopen.com Kemer (Turkey)"]
[Date "2007.11.25"]
[Round "8"]
[White "Ivakhinova Inna (RUS)"]
[Black "Sanchez Santana C"]
[Result "1-0"]
[WhiteElo "2233"]
[BlackElo "2062"]

1.d4 Nf6 2.c4 e6 3.Nc3 Bb4 4.e3 b6 5.Bd3 Bb7 6.Nf3 Ne4 7.Qc2 f5 8.O-O Bxc3
9.bxc3 O-O 10.Nd2 Nxd2 11.Bxd2 Qe7 12.Rae1 d6 13.e4 f4 14.e5 Qh4 15.Be4 Nc6
16.g3 fxg3 17.fxg3 Qh5 18.Qa4 Rxf1+ 19.Rxf1 Qe8 20.Qc2 dxe5 21.Bxh7+ Kh8
22.Bg6 Qd8 23.Qd1 {#r} 1-0

[Event "Ch Europe (active)"]
[Site "masterchessopen.com Warsaw (Poland)"]
[Date "2007.12.15"]
[Round "3"]
[White "Lahiri Atanu (IND)"]
[Black "Sulskis Sarunas (LTU)"]
[Result "0-1"]
[WhiteElo "2290"]
[BlackElo "2527"]

1.d4 Nf6 2.c4 e6 3.Nc3 Bb4 4.e3 b6 5.Bd3 Bb7 6.Nf3 Ne4 7.O-O f5 8.Qc2 Bxc3
9.bxc3 O-O 10.Nd2 Nf6 11.e4 fxe4 12.Nxe4 Bxe4 13.Bxe4 Nxe4 14.Qxe4 Nc6 15.d5
exd5 16.cxd5 Re8 17.Qg4 Ne5 18.Qg3 Qf6 19.f4 Nf7 20.Qd3 Nd6 21.Be3 Qf5 22.Qxf5
Nxf5 23.Bf2 Re4 24.g4 Ne7 25.d6 cxd6 26.Bd4 Ng6 27.Rae1 Rae8 28.Rxe4 Rxe4
29.f5 Rxg4+ 30.Kf2 Rf4+ {#R} 0-1

[Event "Memorial E.Bykova"]
[Site "masterchessopen.com Vladimir (Russia)"]
[Date "2007.12.17"]
[Round "4"]
[White "Mkrtchian Lilit (ARM)"]
[Black "Karlovich Anastazia (UKR)"]
[Result "1-0"]
[WhiteElo "2402"]
[BlackElo "2244"]

1.d4 Nf6 2.c4 e6 3.Nc3 Bb4 4.e3 b6 5.Bd3 Bb7 6.Nf3 O-O 7.O-O c5 8.Na4 cxd4
9.exd4 Be7 10.a3 d6 11.Re1 Nbd7 12.b4 Rc8 13.Bb2 Re8 14.Nc3 a6 15.Ng5 h6
16.Nf3 Rc7 17.h3 Bf8 18.Re3 e5 19.dxe5 dxe5 20.Qe2 Qa8 21.Re1 Rec8 22.g3 e4
23.Nxe4 Nxe4 24.Rxe4 a5 25.Rf4 Nb8 26.Nd4 Re7 27.Qd1 Rce8 28.Rxe7 Rxe7 29.Nf5
Re6 30.Nxg7 Bxg7 31.Qg4 {#r} 1-0

[Event "It (open) (masters)"]
[Site "masterchessopen.com Gibraltar (England)"]
[Date "2008.01.29"]
[Round "8"]
[White "Foisor Sabina-Francesca (USA)"]
[Black "Rosberg Simon (SWE)"]
[Result "1-0"]
[WhiteElo "2316"]
[BlackElo "2222"]

1.d4 Nf6 2.c4 e6 3.Nc3 Bb4 4.e3 b6 5.Bd3 Bb7 6.f3 Bxc3+ 7.bxc3 d6 8.Ne2 O-O
9.e4 e5 10.O-O Nc6 11.Be3 Na5 12.Ng3 c5 13.f4 Ne8 14.Qe2 Qd7 15.fxe5 dxe5
16.dxc5 Rd8 17.Rad1 Qe6 18.cxb6 axb6 19.c5 Qc6 20.Bb5 Qc8 21.Rxd8 Qxd8 22.cxb6
{#r} 1-0

[Event "It (open)"]
[Site "masterchessopen.com La Laguna (Spain)"]
[Date "2008.04.22"]
[Round "2"]
[White "Simutowe Amon (ZAM)"]
[Black "Rodriguez Perez Mauro (ESP)"]
[Result "1-0"]
[WhiteElo "2463"]
[BlackElo "2041"]

1.c4 e6 2.Nc3 Nf6 3.d4 Bb4 4.e3 b6 5.Bd3 Bb7 6.f3 Bxc3+ 7.bxc3 d6 8.e4 e5
9.Ne2 h6 10.O-O Nc6 11.f4 Qd7 12.Ba3 O-O-O 13.fxe5 dxe5 14.d5 Ne7 15.c5 bxc5
16.Qb3 c6 17.Rab1 Qc7 18.c4 cxd5 19.cxd5 c4 20.Qxc4 Qxc4 21.Bxc4 Ng6 22.Rfc1
{#r} 1-0

[Event "It (open)"]
[Site "masterchessopen.com Dubrovnik (Croatia)"]
[Date "2008.04.25"]
[Round "3"]
[White "Milanovic Danilo (SRB)"]
[Black "Stojanovski Dejan (MKD)"]
[Result "1-0"]
[WhiteElo "2553"]
[BlackElo "2429"]

{ Milanovic Danilo (SRB) +0 =2 -1 Stojanovski Dejan (MKD) +0 =0 -1 } 1.d4 Nf6
2.c4 e6 3.Nc3 Bb4 4.e3 b6 5.Bd3 ( 5.Qf3 d5 6.Bd2 O-O 7.cxd5 exd5 8.Bd3 c5 9.h3
cxd4 10.exd4 Ba6 11.Nge2 Bxd3 12.Qxd3 Bxc3 13.Bxc3 Qd6 14.O-O Nc6 15.Rfc1 Rfe8
16.Bd2 Re6 17.Bf4 Qb4 18.Rc2 Rae8 19.a3 Qe7 20.Be3 Na5 21.b3 h6 22.Nf4 Re4
23.Rc3 Qd6 24.Ne2 Nb7 { ...0-1, Milanovic Danilo 2510 - Nestorovic D Nikola
2421 , Bar 4. 4.2008 It (open) } ) 5...Bb7 6.Ne2 Bxg2 7.Rg1 Be4 8.a3 Bxc3+
9.Nxc3 { =/? } 9...Bxd3 ( 9...Bg6 10.e4 d6 11.Bg5 e5 12.f4 exf4 13.Nd5 c6 {
1/2-1/2, Loureiro Luiz 2340 - Milos Gilberto 2590 , Sao Paulo 1997 It (open)
"Braganca Paulista" } ) 10.Qxd3 Nh5 11.e4 ( 11.Qe4 Nc6 12.d5 Na5 13.Bd2 Nb3
14.Rd1 O-O 15.Qg4 b5 16.Qxh5 bxc4 17.Qh6 g6 18.Ne4 Nxd2 19.Rxd2 Qe7 20.dxe6
fxe6 21.h4 d5 22.Nc3 c6 23.Ne2 e5 24.h5 Qh4 25.Qg5 Qxf2+ 26.Kd1 Rf5 27.Qe7
Rxh5 28.Qe6+ Qf7 29.Qxc6 Rd8 30.Ng3 Rg5 { ...1/2-1/2, Richardson John R 2310 -
Martyn Rafe 2296 , England 1. 3.2008 Ch England (team) 2007/08 } ) 11...g6 (
11...Nc6 12.Be3 d6 13.O-O-O Ne7 14.c5 g6 15.cxd6 cxd6 16.Kb1 d5 17.f3 Qd7
18.Ne2 f5 19.e5 h6 20.h4 Kf7 21.Qd2 Kg7 22.Nf4 Nxf4 23.Bxf4 h5 24.Bg5 Rhg8
25.Bf6+ Kh7 26.Qb4 Nc6 27.Qd6 Rad8 28.Bxd8 Qxd6 29.exd6 Rxd8 30.f4 Rxd6 31.Rg3
{ ...1/2-1/2, Dzindzichashvili Roman 2545 - De Firmian Nick E 2575 , New York
1996 It (cat.13) } ) 12.Bg5 f6 13.Be3 { +0.07 CAP } ( 13.Bh4 d6 14.O-O-O Nc6
15.Qe3 Na5 16.f4 Qd7 17.f5 O-O-O 18.b4 Nxc4 19.Qd3 d5 20.fxe6 Qxe6 21.Nxd5
Rxd5 22.exd5 Qxd5 23.Rge1 Nf4 24.Qe4 Qxe4 25.Rxe4 Nd5 26.Rd3 Kd7 27.Bf2 f5
28.Re1 g5 29.h3 h5 30.Rf3 f4 31.Rg1 Rg8 32.Be1 Ke6 { ...0-1, Mastrovasilis
Athanasios 2315 - Dgebuadze Alexandre 2505 , Korinthos 1998 It (open) } )
13...Nc6 14.O-O-O Qe7 15.f4 a6 { N } ( 15...Ng7 16.d5 Nd8 17.f5 Nf7 18.Nb5 O-O
19.fxg6 hxg6 20.Bd4 c5 21.Bc3 Ne5 22.Bxe5 fxe5 23.Rxg6 Rf6 24.Rg2 Raf8 25.Rdg1
R8f7 26.Nxa7 Rf2 27.Kb1 R7f3 28.Qd1 Rxg2 29.Rxg2 Qf6 30.Qd2 Rf4 31.Qe3 Qh4
32.Re2 Nh5 33.Nc8 Rf1+ 34.Ka2 exd5 35.cxd5 { ...1-0, Reilly Tim 2335 - Tao
Trevor 2390 , Australia 1996 Tournament } ) 16.d5 Nd8 17.Kb1 Nf7 18.c5 bxc5
19.Qc4 { ?! } ( 19.dxe6 { !? } 19...Qxe6 20.Nd5 Qc6 21.Rc1 Qb7 22.Bxc5 c6
23.Nb6 Rd8 24.Qf3 d6 { } ) 19...Nd6 20.Qxc5 O-O { ? } ( { ? } 20...Nb5 21.dxe6
Qxe6 22.e5 Nxc3+ 23.Qxc3 Rc8 24.Rd6 Qf5+ 25.Ka2 O-O 26.Qc4+ Kh8 27.Rxa6 d6 { }
) 21.dxe6 Qxe6 22.Qxh5 f5 23.e5 Nc4 24.Bc1 Rab8 25.Ka1 c6 26.Rd3 d5 27.exd6
Nxd6 28.Qe2 { } {#r} 1-0

[Event "It (open)"]
[Site "masterchessopen.com Athens (Greece)"]
[Date "2008.06.17"]
[Round "4"]
[White "Rakhmanov Aleksandr (RUS)"]
[Black "Nikolaidis Konstantinos (GRE)"]
[Result "1-0"]
[WhiteElo "2531"]
[BlackElo "2264"]

1.d4 Nf6 2.c4 e6 3.Nc3 Bb4 4.e3 b6 5.Bd3 Bb7 6.f3 c5 7.Ne2 O-O 8.O-O cxd4
9.exd4 d5 10.cxd5 Nxd5 11.a3 Nxc3 12.bxc3 Bxc3 13.Nxc3 Qxd4+ 14.Rf2 Qxc3
15.Bb2 Qa5 16.f4 Nd7 17.Qg4 g6 18.f5 Ne5 19.fxg6 hxg6 20.Qh4 f5 21.Re2 Qd5
22.Bxe5 Qxd3 23.Qh8+ Kf7 24.Qf6+ Ke8 25.Qxe6+ Kd8 26.Rc1 {#r} 1-0

[Event "It (open)"]
[Site "masterchessopen.com Kavala (Greece)"]
[Date "2008.08.01"]
[Round "3"]
[White "Graf Alexander (GER)"]
[Black "Meijers Viesturs (LAT)"]
[Result "0-1"]
[WhiteElo "2635"]
[BlackElo "2514"]

1.d4 Nf6 2.c4 e6 3.Nc3 Bb4 4.e3 b6 5.Bd3 Bb7 6.Nf3 Bxc3+ 7.bxc3 d6 8.O-O O-O
9.Re1 Ne4 10.Qc2 f5 11.d5 exd5 12.cxd5 Bxd5 13.c4 Bb7 14.Nd4 Qh4 15.Bb2 Na6
16.a3 Nac5 17.Bf1 Ng5 18.f3 Qh5 19.Rad1 Rf6 20.h3 Raf8 21.Qf2 Rg6 22.Kh2 Nce6
23.Ne2 Bxf3 24.Rd4 Be4 25.Nf4 Nxf4 26.exf4 Ne6 27.Rdd1 Nc5 28.Rd2 Bc6 29.Rd4
Ne4 30.Qe3 Qh4 31.Rdd1 Rg3 32.Qc1 Rxh3+ {#R} 0-1

[Event "It \"]
[Site "masterchessopen.com Peterhof (Russia)"]
[Date "2008.08.19"]
[Round "11"]
[White "Levin Evgeny A (RUS)"]
[Black "Khuseinkhodzhaev Muhammad (TJK)"]
[Result "1-0"]
[WhiteElo "2487"]
[BlackElo "2375"]

1.d4 Nf6 2.c4 e6 3.Nc3 Bb4 4.e3 b6 5.Bd3 Bb7 6.Ne2 Bxg2 7.Rg1 Be4 8.a3 Bxc3+
9.Nxc3 Bxd3 10.Qxd3 O-O 11.e4 Ne8 12.Bg5 f6 13.Be3 Nc6 14.d5 Ne5 15.Qe2 exd5
16.cxd5 b5 17.Nxb5 Qb8 18.O-O-O Qb7 19.f4 Nf7 20.Rg2 Rb8 21.Nc3 Nfd6 22.Bc5
Rf7 23.e5 fxe5 24.fxe5 Nf5 25.e6 dxe6 26.dxe6 Rf6 27.Nd5 Rg6 28.Rf2 c6 29.Rxf5
cxd5 30.Rf8# 1-0

[Event "It (open)"]
[Site "masterchessopen.com Bratto (Italy)"]
[Date "2008.08.25"]
[Round "4"]
[White "Piasetski Leon (CAN)"]
[Black "Cebalo Miso (CRO)"]
[Result "1-0"]
[WhiteElo "2293"]
[BlackElo "2493"]

1.d4 Nf6 2.c4 e6 3.Nc3 Bb4 4.e3 b6 5.Bd3 Bb7 6.Ne2 Bxg2 7.Rg1 Be4 8.a3 Bxc3+
9.Nxc3 Bg6 10.e4 d5 11.cxd5 exd5 12.e5 Ne4 13.Qf3 Nc6 14.Bb5 Qd7 15.Rxg6 hxg6
16.Nxe4 a6 17.Nf6+ gxf6 18.Qxf6 axb5 19.Qxh8+ Ke7 20.Bg5+ f6 21.Bxf6+ Kf7
22.Qg7+ {#r} 1-0

[Event "It (cat.12)"]
[Site "masterchessopen.com Antwerpen (Belgium)"]
[Date "2008.08.30"]
[Round "8"]
[White "Werle Jan (NED)"]
[Black "Schebler Gerhard (GER)"]
[Result "1-0"]
[WhiteElo "2582"]
[BlackElo "2467"]

1.d4 Nf6 2.c4 e6 3.Nc3 Bb4 4.e3 b6 5.Bd3 Bb7 6.Ne2 Bxg2 7.Rg1 Be4 8.a3 Bxd3
9.Qxd3 Bf8 10.e4 d6 11.Bg5 Nbd7 12.O-O-O h6 13.Qh3 Rg8 14.Be3 e5 15.f4 Qe7
16.Nb5 O-O-O 17.Nxa7+ Kb7 18.Nb5 exf4 19.Nxf4 Qxe4 20.Nc3 Qc6 21.d5 {#r} 1-0

[Event "Ch PriFO (juniors) (under 16)"]
[Site "masterchessopen.com Penza (Russia)"]
[Date "2008.11.10"]
[Round "8"]
[White "Kovalev Vitaly (RUS)"]
[Black "Sayapin Alexander (RUS)"]
[Result "0-1"]
[WhiteElo "1958"]
[BlackElo "2069"]

1.d4 Nf6 2.c4 e6 3.Nc3 Bb4 4.e3 b6 5.Bd3 Bb7 6.Ne2 Bxg2 7.Rg1 Be4 8.Bxe4 Nxe4
9.Qc2 Qh4 10.Nf4 Qxh2 11.Rxg7 f5 12.Rb1 Nc6 13.Rg2 Qh4 14.Ke2 Qxf4 15.d5 Nxc3+
16.bxc3 Qxc4+ 17.Qd3 Qxd3+ 18.Kxd3 Ne5+ 19.Kc2 Bd6 20.f4 Nc4 21.Kd3 exd5 {#R}
0-1

[Event "It (open)"]
[Site "masterchessopen.com Delft (Netherlands)"]
[Date "2009.01.02"]
[Round "1"]
[White "O'Mahony Cian"]
[Black "Gieben Stijn"]
[Result "1-0"]
[WhiteElo "1651"]
[BlackElo "1771"]

1.d4 Nf6 2.c4 e6 3.Nc3 Bb4 4.e3 b6 5.Bd3 Bb7 6.Ne2 O-O 7.O-O d5 8.cxd5 exd5
9.a3 Bd6 10.b4 c6 11.Bb2 Qc7 12.Ng3 Re8 13.Rc1 a6 14.Re1 a5 15.e4 dxe4
16.Ncxe4 Nxe4 17.Bxe4 Nd7 18.d5 c5 19.Bxh7+ Kxh7 20.Qh5+ Kg8 21.Bxg7 Kxg7
22.Nf5+ Kf6 23.Nxd6 Re5 24.Qxf7+ Kg5 25.Rxe5+ {#r} 1-0

[Event "It \"]
[Site "masterchessopen.com Sydney (Australia)"]
[Date "2009.01.02"]
[Round "1"]
[White "Dunn Michael Gi (AUS)"]
[Black "Cuellar Chris (AUS)"]
[Result "1-0"]
[WhiteElo "1932"]
[BlackElo "1855"]

1.d4 Nf6 2.c4 e6 3.Nc3 Bb4 4.e3 b6 5.Bd3 Bb7 6.Nf3 d5 7.Qa4+ Nc6 8.Ne5 O-O
9.Nxc6 Bxc3+ 10.bxc3 Qd7 11.cxd5 Nxd5 12.Qc2 Qxc6 13.Bd2 f5 14.f3 Nf6 15.O-O
Rae8 16.Rae1 Rf7 17.e4 fxe4 18.fxe4 Ref8 19.Bc1 Ne8 20.Rxf7 Rxf7 21.e5 Qd7
22.Bxh7+ Kh8 23.Bg6 Ba6 24.Qe4 Qe7 25.Qg4 {#r} 1-0

[Event "Ch England (team) 2008/09"]
[Site "masterchessopen.com England"]
[Date "2009.01.17"]
[Round "5"]
[White "Richardson John R (ENG)"]
[Black "Ward Christopher (ENG)"]
[Result "0-1"]
[WhiteElo "2298"]
[BlackElo "2431"]

1.d4 Nf6 2.c4 e6 3.Nc3 Bb4 4.e3 b6 5.Bd3 Bb7 6.Ne2 Bxg2 7.Rg1 Bf3 8.Qc2 Nh5
9.Be4 Bxe4 10.Qxe4 Nc6 11.Bd2 f5 12.Qg2 g6 13.Qh3 d5 14.e4 dxe4 15.O-O-O Qd7
16.d5 Ne5 17.Nxe4 Bxd2+ 18.Nxd2 exd5 19.Qe3 Qe7 20.Nc3 dxc4 21.Kb1 Ng4 22.Qd4
O-O 23.Nd5 Qf7 24.Nxc4 Nhf6 25.Nf4 Rad8 26.Qxd8 Rxd8 27.Rxd8+ Kg7 28.b3 Nxf2
29.Re1 N2e4 30.Red1 Nc3+ {#R} 0-1

[Event "Ch France (team) 2009"]
[Site "masterchessopen.com France"]
[Date "2009.03.22"]
[Round "3"]
[White "Clery Nicolas (FRA)"]
[Black "Edouard Romain (FRA)"]
[Result "1-0"]
[WhiteElo "2374"]
[BlackElo "2597"]

1.d4 Nf6 2.c4 e6 3.Nc3 Bb4 4.e3 b6 5.Bd3 Bb7 6.Ne2 Bxg2 7.Rg1 Bf3 8.Bd2 Bxc3
9.Bxc3 Ne4 10.Bxe4 Bxe4 11.Rxg7 d6 12.Nf4 Qf6 13.Rg3 Nd7 14.Qa4 Ke7 15.O-O-O
Bg6 16.Qc6 Qf5 17.Nxg6+ hxg6 18.Rd2 g5 19.e4 Qh7 20.h3 Rac8 21.e5 g4 22.d5 Qh6
23.dxe6 Qxe6 24.exd6+ cxd6 25.Qb7 Rb8 26.Qg2 gxh3 27.Qh2 Qxc4 28.Re3+ Kd8
29.Qxd6 Qc7 30.Qf6+ {#r} 1-0

[Event "Ch Thailand (open)"]
[Site "masterchessopen.com Bangkok (Thailand)"]
[Date "2009.04.05"]
[Round "7"]
[White "Lahiri Atanu (IND)"]
[Black "Short Nigel D (ENG)"]
[Result "0-1"]
[WhiteElo "2361"]
[BlackElo "2684"]

1.d4 Nf6 2.c4 e6 3.Nc3 Bb4 4.e3 b6 5.Bd3 Bb7 6.Nf3 O-O 7.O-O Bxc3 8.bxc3 c5
9.Nd2 Nc6 10.Nb3 d6 11.f3 a5 12.a4 Ba6 13.Ba3 e5 14.Be2 Qe8 15.d5 Ne7 16.e4
Nh5 17.g3 f5 18.f4 Nf6 19.exf5 Nxf5 20.Bc1 Qg6 21.Kh1 Ne4 22.g4 Nfg3+ 23.hxg3
Nxg3+ 24.Kg2 Nxf1 25.Bxf1 exf4 26.Bd3 Qg5 27.Qf3 Bc8 28.Qh3 g6 29.Kf2 Bxg4
30.Qh2 Rae8 31.Nd2 Re3 32.Ne4 Rf3+ {#R} 0-1

[Event "It (open)"]
[Site "masterchessopen.com Mar del Plata (Argentina)"]
[Date "2009.04.08"]
[Round "5"]
[White "Celestino Guillermo (ARG)"]
[Black "Romero Fabian (ARG)"]
[Result "1-0"]
[WhiteElo "2141"]
[BlackElo "1966"]

1.d4 Nf6 2.c4 e6 3.Nc3 Bb4 4.e3 b6 5.Bd3 Bb7 6.Ne2 Bxg2 7.Rg1 Be4 8.a3 Bxc3+
9.Nxc3 Bg6 10.e4 d5 11.cxd5 exd5 12.e5 Ne4 13.Qf3 Nc6 14.Bb5 Qd7 15.Nxe4 O-O-O
16.Nc5 Qe8 17.Nb3 Nxe5 18.Ba6+ Kb8 19.dxe5 Qxe5+ 20.Be2 Rhe8 21.Rg5 f5 22.Kf1
Re6 23.Be3 Qxh2 24.Nd4 Red6 25.Bf4 Qh4 26.Bxd6 Qxg5 27.Nc6+ Kb7 28.Nxd8+ Qxd8
29.Qxd5+ c6 30.Qe5 {#r} 1-0

[Event "Ch Germany (juniors) (Internet) (under 18) (qual1)"]
[Site "masterchessopen.com Internet"]
[Date "2009.05.10"]
[Round "3"]
[White "Kleibel Uwe"]
[Black "Hirneise Jens (GER)"]
[Result "0-1"]
[WhiteElo "2208"]
[BlackElo "2284"]

1.d4 Nf6 2.c4 e6 3.Nc3 Bb4 4.e3 b6 5.Bd3 Bb7 6.Nf3 Ne4 7.Qc2 Bxc3+ 8.bxc3 f5
9.Nd2 Nxd2 10.Bxd2 O-O 11.f3 Qh4+ 12.Ke2 d6 13.Be1 Qg5 14.Bg3 Nd7 15.Rag1 e5
16.f4 Qf6 17.Kf2 Rae8 18.Re1 Qg6 19.Rhg1 Kh8 20.a3 Nf6 21.fxe5 dxe5 22.Bxe5
Ng4+ 23.Ke2 Qh6 24.Kd2 Nxe5 25.dxe5 Rxe5 26.h3 Rd8 27.Kc1 Rxe3 {#R} 0-1

[Event "Ch Asia"]
[Site "masterchessopen.com Subic Bay (Philippines)"]
[Date "2009.05.18"]
[Round "6"]
[White "Olay Edgar Reggie (PHI)"]
[Black "Celis Solomon B III (MAC)"]
[Result "1-0"]
[WhiteElo "2323"]
[BlackElo "1985"]

1.d4 Nf6 2.c4 e6 3.Nc3 Bb4 4.e3 b6 5.Bd3 Bb7 6.f3 Nh5 7.Nh3 Qh4+ 8.Nf2 f5
9.Bd2 O-O 10.g3 Qf6 11.Rg1 g6 12.Qe2 Nc6 13.O-O-O Rae8 14.f4 Ng7 15.Kb1 Be7
16.a3 Nb8 17.g4 d6 18.d5 Bd8 19.gxf5 exf5 20.Qf3 Nd7 21.e4 Nc5 22.Bc2 Qd4
23.b3 fxe4 24.Ncxe4 Nxe4 25.Nxe4 Nf5 26.Bc1 Qg7 27.Bb2 Qf7 28.Ng5 Bxg5 29.Rxg5
Ne3 30.Bxg6 {#r} 1-0

[Event "It (open)"]
[Site "masterchessopen.com Viterbo (Italy)"]
[Date "2009.06.01"]
[Round "4"]
[White "Russi Roberto (ITA)"]
[Black "Tortolini Francesco (ITA)"]
[Result "0-1"]
[WhiteElo "1898"]
[BlackElo "1906"]

1.c4 e6 2.d4 Nf6 3.Nc3 Bb4 4.e3 b6 5.Bd3 Bb7 6.Nf3 Ne4 7.Qc2 f5 8.O-O Bxc3
9.bxc3 O-O 10.Ba3 d6 11.Rab1 Nd7 12.Rfe1 c5 13.Nd2 Nxd2 14.Qxd2 e5 15.f3 e4
16.Be2 Qe7 17.Rbd1 Rad8 18.f4 Nf6 19.Qc2 Bc6 20.Rd2 Be8 21.Red1 Bh5 22.Qa4
Bxe2 23.Rxe2 Qd7 24.Qa6 Qc7 25.Red2 Ng4 26.Re1 Qe7 27.dxc5 dxc5 28.Rd5 Qh4
29.Red1 {#R} 0-1